000 00584cam a2200169 4500500
005 20260111080412.0
041 _afre
042 _adc
100 1 0 _aSaoudi, Messaoud
_eauthor
245 0 0 _aLa taxe de séjour, un modèle de taxe locale à l’ère numérique ?
260 _c2020.
500 _a56
690 _afinances locales
690 _ataxe de séjour
786 0 _nGestion & Finances Publiques | 2 | 2 | 2020-04-29 | p. 71-79 | 1969-1009
856 4 1 _uhttps://droit.cairn.info/revue-gestion-et-finances-publiques-2020-2-page-71?lang=fr&redirect-ssocas=7080
999 _c1616264
_d1616264